=LDR 00000nam 2200000 4500 =001 INLIS000000000050775 =005 20240610085601 =035 ##$$a 0010-0517000428 =007 ta =008 240610################g##########0#ind## =020 ##$$a 978 - 602 - 0869 - 90 - 2 =082 ##$$a 909 =084 ##$$a 909 HUT s =100 #$$a Wobster, Button =245 1#$$a World History : $b Sejarah Dunia Lengkap /$c Button Wobster =250 ##$$a Cet.1 =260 ##$$a Yogyakarta :$b Indoliterasi,$c 2015 =300 ##$$a iv, 732 hlm : $b ilus ; $c 15 x 23 Cm. =650 #4$$a Sejarah =990 ##$$a 31700602 =990 ##$$a 31700601